000 00695 a2200145 4500
082 _aBEE-4
100 _aFaiq Khalid Lodhi, Nadra Ramzan, Naeha Sharif
_992970
245 _aDesign of a digital phase detector for Cross Clock domains in MPSoC [Project Report BEE-4]
_cFaiq Khalid Lodhi, Nadra Ramzan, Naeha Sharif
_hEnglish
260 _aIslamabad
_bNUST School of Electrical Engineering and Computer Science
_c2011.
300 _a90p.
_b;ill.
_c:27cm. +
_eCD-ROM
500 _aSupervisors: Faiq Khalid Lodhi, Nadra Ramzan, Neeha Sharif
700 _aFaiq Khalid Lodhi, Nadra Ramzan, Naeha Sharif
_992970
856 _uhttp://10.250.8.41:8080/xmlui/handle/123456789/9184
942 _cPR
_kBEE-4 FAI
_2ddc
999 _c10575
_d10575